Ciclo: tengo derecho a saber

Guardat en:
Dades bibliogràfiques
Format: Llibre
Idioma:espanyol
Publicat: Rancagua Biblioteca del Congreso Nacional 2006
Matèries:
Accés en línia:carátula frontal v.1
Etiquetes: Afegir etiqueta
Sense etiquetes, Sigues el primer a etiquetar aquest registre!

MARC

LEADER 00000nam a2200000 a 4500
001 UCI4961
003 CL-VaPUC
005 20240821130033.0
008 080307e20060000cl 1 spa d
082 0 4 |a 342.0853  |b CIC  |2 21 
245 1 0 |a Ciclo: tengo derecho a saber 
260 |a Rancagua  |b Biblioteca del Congreso Nacional  |c 2006 
300 |a 1 DVD 
500 |a v.1: Acceso a la información pública 
500 |a v.2: Acceso a la justicia 
500 |a v.3: Seguridad ciudadana 
583 |a last modification  |c 20190828 10:25:30  |k Rodrigo Vera 
650 0 0 |a Seguridad ciudadana   |9 392290 
650 0 0 |a Información pública   |9 257272 
650 0 0 |a Acción social  |9 307836 
650 0 0 |a Gestión de la información   |9 362327 
650 0 0 |a Desarrollo social  |9 264534 
650 0 0 |a Bibliotecas públicas  |9 334515 
650 0 0 |a Libertad de información  |9 257205 
856 7 |f UCI4961_01.jpg  |q JEPG  |2 file  |z carátula frontal v.1  |u http://opac.pucv.cl/pucv_img/Img-4500/UCI4961_01.jpg 
942 |c BK 
945 |a jtorresc  |d 20080307 00:00:00 
546 |a En Español 
536 |a Biblioteca del Congreso Nacional de Chile 
518 |p Foro Taller Tengo Derecho a Saber, 1, Rancagua, 28-30 de Noviembre de 2006 
999 |c 384330  |d 384328 
952 |0 0  |1 0  |2 ddc  |4 0  |6 342_085300000000000_CIC_2006  |7 0  |8 A  |9 506990  |a BIBDER  |b BIBDER  |d 2020-01-23  |h v.1  |i 441070K  |o 342.0853 CIC 2006  |p 441070K  |r 2023-01-25  |w 2020-01-23  |y VM  |k DER 
952 |0 0  |1 0  |2 ddc  |4 0  |6 342_085300000000000_CIC_2006  |7 0  |8 A  |9 506991  |a BIBDER  |b BIBDER  |d 2020-01-23  |h v.2  |i 4410688  |o 342.0853 CIC 2006  |p 4410688  |r 2023-01-25  |w 2020-01-23  |y VM  |k DER 
952 |0 0  |1 0  |2 ddc  |4 0  |6 342_085300000000000_CIC_2006  |7 0  |8 A  |9 506992  |a BIBDER  |b BIBDER  |d 2020-01-23  |h v.3  |i 4410696  |o 342.0853 CIC 2006  |p 4410696  |r 2023-01-25  |w 2020-01-23  |y VM  |k DER